Análisis de los protocolos de voz sobre IP

Presenta un estudio tecnología de voz sobre IP; se estudian los protocolos IP, se estudian las estructuras de la tecnología de VoIP y se determina la importancia de los VoIP.

Bibliographic Details
Main Author: Vargas Arana, Denia M.
Other Authors: Tutor: Dalla-Torre Parrales, Cedrick Elksnher
Format: Tesis Section = Libro
Language:Undetermined
Spanish
Published: Managua UNI 2010
Subjects:
LEADER 00843nam a2200217Ia 4500
008 240830s9999 xx 000 0 und d
040 |a BIBLIOTECA-RUSB/ T.Mon 384 V297 
041 |a spa 
082 |a T.Mon 384 V297 
100 1 |a Vargas Arana, Denia M. 
245 1 0 |a Análisis de los protocolos de voz sobre IP 
260 |a Managua  |b UNI  |c 2010 
300 |a 32 p. :il. 
502 |a Tesis (Ingeniero en Computación) - UNI, 2010. 
520 3 |a Presenta un estudio tecnología de voz sobre IP; se estudian los protocolos IP, se estudian las estructuras de la tecnología de VoIP y se determina la importancia de los VoIP. 
650 7 |a TELECOMUNICACIONES - TELEFONÍA 
650 7 |b  TRANSMISIÓN DE DATOS - REDES DE COMPUTADORAS 
700 1 |a Tutor:  |b Dalla-Torre Parrales, Cedrick Elksnher 
942 |c BK  |2 ddc 
991 |a TESIS 
999 |c 21792